Пограничная река: роман

Detalles Bibliográficos
Autor principal: Каменистый А. Артем
Sumario:Этот мир живет по своим суровым законам и не слишком приветливо встречает гостей. Смертельные земли Хайтаны от территорий людей отделяет река — тысячи растерянных пришельцев ютятся по ее берегам. Выбор невелик: гибель от лап рейдеров или рабство в цивилизованных землях. Помощи не будет, путь назад неизвестен, смерть караулит на каждом шагу. Не зря здесь боятся селиться даже каннибалы — лишь руины древних городов напоминают о былом величии этого края.
Lenguaje:ruso
Publicado: Москва, Армада, 2006
Colección:Фантастический боевик
Materias:
Formato: Libro
KOHA link:https://koha.lib.tpu.ru/cgi-bin/koha/opac-detail.pl?biblionumber=105487

MARC

LEADER 00000nam0a2200000 4500
001 105487
005 20231031114424.0
010 |a 5935567709 
035 |a (RuTPU)RU\TPU\book\113833 
090 |a 105487 
100 |a 20061117d2006 m y0rusy50 ca 
101 0 |a rus 
102 |a RU 
105 |a y z 000ay 
200 1 |a Пограничная река  |e роман  |f А. Каменистый 
210 |a Москва  |c Армада  |c Альфа-книга  |d 2006 
215 |a 378 с. 
225 1 |a Фантастический боевик 
330 |a Этот мир живет по своим суровым законам и не слишком приветливо встречает гостей. Смертельные земли Хайтаны от территорий людей отделяет река — тысячи растерянных пришельцев ютятся по ее берегам. Выбор невелик: гибель от лап рейдеров или рабство в цивилизованных землях. Помощи не будет, путь назад неизвестен, смерть караулит на каждом шагу. Не зря здесь боятся селиться даже каннибалы — лишь руины древних городов напоминают о былом величии этого края. 
610 1 |a русская литература 
610 1 |a романы 
610 1 |a фантастика 
610 1 |a боевики 
675 |a Р2  |v 3 
700 1 |a Каменистый  |b А.  |g Артем 
801 1 |a RU  |b 63413507  |c 20061117  |g PSBO 
801 2 |a RU  |b 63413507  |c 20061204  |g PSBO 
942 |c BK